000 00621nam a2200241Ia 4500
003 OSt
005 20221005060424.0
006 a|||||r|||| 00| 0
007 ta
008 221004b |||||||| |||| 00| 0 eng d
024 _a56349
037 _cTextual
040 _aCRL
_cCRL
_beng
041 _2eng
_aeng
082 _aSv, M7
100 _aHearnshaw L S
245 0 _aShaping of modern psychology
_b An historical introduction
260 _aLondon
_bRoutledge
_c1987
300 _a423p.
_ccm.
650 _aPSYCHOLOGY
942 _hSv, M7
_cTEXL
_2cc
999 _c966661
_d966661